Daňová bouře nad visegrádskými bankami: analýza čtyř receptů na zdanění finančního sektoru
V posledných rokoch sa vlády naprieč Európou stretávajú s rastúcimi rozpočtovými deficitmi, niektoré z nich hľadajú z tejto situácie cestu formou sektorových daní. Medzi tie patrí okrem iného tiež daň na finančné inštitúcie. Aká je v tomto smere situácia v krajinách V4?
Salvato in:
| Autore principale: | |
|---|---|
| Natura: | Capitolo di libro |
| Lingua: | ceco |
| Soggetti: | |
| Tags: |
Nessun Tag, puoi essere il primo ad aggiungerne!!
|
MARC
| LEADER | 00000naa a2200000 4500 | ||
|---|---|---|---|
| 001 | 0313104 | ||
| 005 | 20260130091039.4 | ||
| 041 | 0 | |a cze | |
| 044 | |a CZ | ||
| 245 | 1 | 0 | |a Daňová bouře nad visegrádskými bankami: analýza čtyř receptů na zdanění finančního sektoru |c Martina Sobková |
| 520 | |a V posledných rokoch sa vlády naprieč Európou stretávajú s rastúcimi rozpočtovými deficitmi, niektoré z nich hľadajú z tejto situácie cestu formou sektorových daní. Medzi tie patrí okrem iného tiež daň na finančné inštitúcie. Aká je v tomto smere situácia v krajinách V4? | ||
| 610 | 2 | 0 | |a banky |
| 610 | 2 | 0 | |a zdaňovanie |
| 610 | 2 | 0 | |a sektor finančný |
| 610 | 2 | 0 | |a Vyšehradská štvorka |
| 100 | 1 | |a Sobková, Martina | |